Nada podra detener la marcha de la historia : (Record no. 15314)
[ view plain ]
| 000 -CABECERA | |
|---|---|
| campo de control de longitud fija | 01058cam a2200277 a 4500 |
| 001 - NÚMERO DE CONTROL | |
| campo de control | 000015766 |
| 005 - FECHA Y HORA DE LA ÚLTIMA TRANSACCIÓN | |
| campo de control | 20200929164139.0 |
| 008 - DATOS DE LONGITUD FIJA--INFORMACIÓN GENERAL | |
| campo de control de longitud fija | 870504s1985 cu 000 0 spa |
| 040 ## - FUENTE DE LA CATALOGACIÓN | |
| Centro catalogador/agencia de origen | DO-SdBNP |
| Centro/agencia transcriptor | DLC |
| Centro/agencia modificador | DLC |
| 043 ## - CÓDIGO DE ÁREA GEOGRÁFICA | |
| Código de área geográfica | nwcu--- |
| -- | cl----- |
| 082 ## - NÚMERO DE LA CLASIFICACIÓN DECIMAL DEWEY | |
| Número de clasificación | 070.44 |
| Número de documento/Ítem | C355n |
| 082 00 - NÚMERO DE LA CLASIFICACIÓN DECIMAL DEWEY | |
| Número de clasificación | 972.91/064 |
| Número de edición | 19 |
| 049 ## - FONDOS LOCALES (OCLC) | |
| Fondos de biblioteca | BNGR |
| 100 1# - ENTRADA PRINCIPAL--NOMBRE DE PERSONA | |
| Nombre de persona | Castro, Fidel, |
| Fechas asociadas al nombre | 1926- |
| Forma completa/desarrollada del nombre | (Fidel Alejandro Castro Ruz) |
| 9 (RLIN) | 35477 |
| 245 10 - MENCIÓN DE TÍTULO | |
| Título | Nada podra detener la marcha de la historia : |
| Resto del título | entrevista concedida a Jeffrey Elliot y Mervin Dymally sobre múltiples temas económicos, políticos e históricos / |
| Mención de responsabilidad, etc. | Fidel Castro ; edición Nora Madan. |
| 260 ## - PUBLICACIÓN, DISTRIBUCIÓN, ETC. | |
| Lugar de publicación, distribución, etc. | La Habana, Cuba : |
| Nombre del editor, distribuidor, etc. | Política, |
| Fecha de publicación, distribución, etc. | 1985. |
| 300 ## - DESCRIPCIÓN FÍSICA | |
| Extensión | 237 p. ; |
| Dimensiones | 21 cm. |
| 650 #4 - PUNTO DE ACCESO ADICIONAL DE MATERIA--TÉRMINO DE MATERIA | |
| Término de materia o nombre geográfico como elemento de entrada | Periodismo |
| 9 (RLIN) | 29 |
| 650 #4 - PUNTO DE ACCESO ADICIONAL DE MATERIA--TÉRMINO DE MATERIA | |
| Término de materia o nombre geográfico como elemento de entrada | Entrevista |
| 9 (RLIN) | 35478 |
| 651 #4 - PUNTO DE ACCESO ADICIONAL DE MATERIA--NOMBRE GEOGRÁFICO | |
| Nombre geográfico | Cuba |
| Subdivisión general | Política Y Gobierno |
| Subdivisión cronológica | 1959-1990 |
| 9 (RLIN) | 5620 |
| 651 #4 - PUNTO DE ACCESO ADICIONAL DE MATERIA--NOMBRE GEOGRÁFICO | |
| Nombre geográfico | América Latina |
| Subdivisión general | Política Y Gobierno |
| Subdivisión cronológica | 1948- |
| 9 (RLIN) | 29391 |
| 700 1# - PUNTO DE ACCESO ADICIONAL--NOMBRE DE PERSONA | |
| Nombre de persona | Elliot, Jeffrey M. |
| 9 (RLIN) | 35479 |
| 700 1# - PUNTO DE ACCESO ADICIONAL--NOMBRE DE PERSONA | |
| Nombre de persona | Dymally, Mervyn M., |
| Fechas asociadas al nombre | 1926- |
| 9 (RLIN) | 35480 |
| 700 1# - PUNTO DE ACCESO ADICIONAL--NOMBRE DE PERSONA | |
| Nombre de persona | Nora, Madan |
| Término indicativo de función/relación | ed. |
| 9 (RLIN) | 35481 |
| 910 ## - DATOS DE OPCIÓN DEL USUARIO (OCLC) | |
| Datos de opción del usuario | Catalogación por copia / LC |
| Estado de retiro | Estado de pérdida | Restricciones de uso | No para préstamo | Código de colección | Localización permanente | Ubicación/localización actual | Ubicación en estantería | Fecha de adquisición | Número de inventario | Total de préstamos | Signatura topográfica completa | Código de barras | Fecha visto por última vez | Precio válido a partir de | Tipo de ítem Koha |
|---|---|---|---|---|---|---|---|---|---|---|---|---|---|---|---|
| Préstamo interno | Monografías: Libros y Folletos | General | General | En catalogación | 17.02.2010 | LF1 | 070.44 972.91/064 C355n | 15766-10 | 25.06.2020 | 25.06.2020 | Préstamo interno |
